Oceňování aktiv a dluhů v účetnictví
Uložené v:
| Hlavní autori: | , |
|---|---|
| Médium: | Kniha |
| Jazyk: | Czech |
| Vydavateľské údaje: |
Praha :
Management Press,
1997
|
| Vydanie: | 2. rozšír. vyd. |
| Predmet: | |
| On-line prístup: | OBSAH |
| Tagy: |
Žiadne tagy, Buďte prvý, kto otaguje tento záznam!
|
MARC
| LEADER | 00000nam a22000003a 4500 | ||
|---|---|---|---|
| 001 | stu77961 | ||
| 005 | 20150617225641.9 | ||
| 008 | 021113s1997----xr------------------cze-d | ||
| 020 | |a 80-85943-24-7 | ||
| 040 | |a STU |b slo | ||
| 041 | 0 | |a cze | |
| 044 | |a xr | ||
| 080 | |a 657 | ||
| 100 | 1 | |a Fireš, Bohuslav |4 aut | |
| 245 | 1 | |a Oceňování aktiv a dluhů v účetnictví | |
| 250 | |a 2. rozšír. vyd. | ||
| 260 | |a Praha : |b Management Press, |c 1997 | ||
| 300 | |a 175 s | ||
| 650 | 7 | |a účtovníctvo |2 stusub | |
| 700 | 1 | |a Zelenka, Vladimír |4 aut | |
| 856 | 4 | |a https://sweb.mtf.stuba.sk/obsahy/ocenovani_aktiv_a_dluhu_v_ucetnictvi_97.pdf |u https://sweb.mtf.stuba.sk/obsahy/ocenovani_aktiv_a_dluhu_v_ucetnictvi_97.pdf |3 OBSAH | |
| 996 | |b 284M050765 |c M*10969-1 |l MMKN |s A |a 24 |w stu77961_0001 | ||
| 996 | |b 284M050767 |c M*10969-3 |l MMKN |s A |a 24 |w stu77961_0002 | ||